[Event "FRA-chT4"]
[Site "Ech Ardennais/La Francheville"]
[Date "2004.12.05"]
[Round "3"]
[White "Wietrich, Edgar"]
[Black "Ricord, Lucas"]
[Result "0-1"]
[WhiteElo "1499"]
[BlackElo "1810"]
[PlyCount "62"]
[EventDate "2004.10.10"]
[EventType "team"]
[EventRounds "3"]
[EventCountry "FRA"]
[SourceTitle "EXT 2007"]
[Source "ChessBase"]
[SourceDate "2006.11.23"]
[SourceVersion "1"]
[SourceVersionDate "2006.11.23"]
[SourceQuality "1"]

1. b4 e5 2. Bb2 d6 3. a3 f5 4. d4 exd4 5. Bxd4 Nc6 6. Bb2 a6 7. e3 Be6 8. Nf3 h6 9. Nbd2 Nf6 10. Bd3 Be7 11. Nh4 Qd7 12. Rb1 0-0 13. Ng6 Rfe8 14. h4 Bf7 15. Bc4 d5 16. Nxe7+ Qxe7 17. Bb3 f4 18. Bxf6 Qxf6 19. Qf3 Nd4 20. Qd1 fxe3 21. Nf3 Nxf3+ 22. Qxf3 Qc3+ 23. Kf1 e2+ 24. Kg1 e1Q+ 25. Rxe1 Rxe1+ 26. Kh2 Rxh1+ 27. Kxh1 Qxf3 28. gxf3 Re8 29. Kg2 c6 30. Kg3 d4 31. Bxf7+ Kxf7 0-1